| 000 | 00739nam a2200241 i 4500 | ||
|---|---|---|---|
| 001 | bg | ||
| 100 | 1 | _aMaciaszczyk, Sylvia. | |
| 245 | 1 | 0 |
_aGramatyka języka angielskiego z ćwiczeniami / _cSylvia Maciaszczyk, Agnieszka Szarkowska. |
| 260 |
_aWarszawa : _bWydawnictwo Naukowe PWN, _c2008. |
||
| 300 |
_a267, [1] s. ; _c24 cm. |
||
| 500 | _aNa okł. : English. | ||
| 650 | 9 |
_aJęzyk angielski _xgramatyka |
|
| 655 | _aPodręczniki | ||
| 700 | 1 | _aSzarkowska, Agnieszka. | |
| 020 | _a9788301154127 | ||
| 040 | _cBPK | ||
| 041 | 0 |
_apol _aeng |
|
| 044 | _aPOL | ||
| 080 | _a811.111'36(07) | ||
| 942 | _cKS | ||
| 008 | s pl f |000 0 pol | ||
| 999 |
_c55138 _d55138 |
||